Dataset Open Access
Hadova, Katarina;
Gündel, Daniel;
Knieß, Torsten;
Brust, Peter;
Klimas, Jan;
Neumann, Joachim;
Gergs, Ulrich
<?xml version='1.0' encoding='UTF-8'?>
<record xmlns="http://www.loc.gov/MARC21/slim">
<leader>00000nmm##2200000uu#4500</leader>
<datafield tag="245" ind1=" " ind2=" ">
<subfield code="a">FDG PET Data publication: Protein phosphatase 2A impairs cardiac uptake of glucose in the mammalian heart</subfield>
</datafield>
<datafield tag="520" ind1=" " ind2=" ">
<subfield code="a"><p>DICOM data, recorded with Mediso NanoScan and reconstructed with accompanied Nucline software</p></subfield>
</datafield>
<datafield tag="773" ind1=" " ind2=" ">
<subfield code="a">10.1007/s00210-026-05617-x</subfield>
<subfield code="i">isReferencedBy</subfield>
<subfield code="n">doi</subfield>
</datafield>
<datafield tag="773" ind1=" " ind2=" ">
<subfield code="a">https://www.hzdr.de/publications/Publ-43576</subfield>
<subfield code="i">isIdenticalTo</subfield>
<subfield code="n">url</subfield>
</datafield>
<datafield tag="773" ind1=" " ind2=" ">
<subfield code="a">https://www.hzdr.de/publications/Publ-43575</subfield>
<subfield code="i">isReferencedBy</subfield>
<subfield code="n">url</subfield>
</datafield>
<datafield tag="773" ind1=" " ind2=" ">
<subfield code="a">10.14278/rodare.4743</subfield>
<subfield code="i">isVersionOf</subfield>
<subfield code="n">doi</subfield>
</datafield>
<datafield tag="540" ind1=" " ind2=" ">
<subfield code="u">https://creativecommons.org/licenses/by/4.0/legalcode</subfield>
<subfield code="a">Creative Commons Attribution 4.0 International</subfield>
</datafield>
<datafield tag="980" ind1=" " ind2=" ">
<subfield code="a">dataset</subfield>
</datafield>
<datafield tag="260" ind1=" " ind2=" ">
<subfield code="c">2026-06-30</subfield>
</datafield>
<datafield tag="542" ind1=" " ind2=" ">
<subfield code="l">open</subfield>
</datafield>
<datafield tag="024" ind1=" " ind2=" ">
<subfield code="a">10.14278/rodare.4744</subfield>
<subfield code="2">doi</subfield>
</datafield>
<datafield tag="856" ind1="4" ind2=" ">
<subfield code="s">70673686</subfield>
<subfield code="u">https://rodare.hzdr.de/record/4744/files/m_1249und1250 WT,PP2A FDG.zip</subfield>
<subfield code="z">md5:d3d8cf13992e2336e265cec03c2cc82f</subfield>
</datafield>
<datafield tag="653" ind1=" " ind2=" ">
<subfield code="a">Protein phosphatase 2A</subfield>
</datafield>
<datafield tag="653" ind1=" " ind2=" ">
<subfield code="a">Glucose metabolism</subfield>
</datafield>
<datafield tag="653" ind1=" " ind2=" ">
<subfield code="a">Heart</subfield>
</datafield>
<datafield tag="653" ind1=" " ind2=" ">
<subfield code="a">Transgenic mice</subfield>
</datafield>
<datafield tag="653" ind1=" " ind2=" ">
<subfield code="a">2-[18F]fluoro- 2-deoxy-D-glucose</subfield>
</datafield>
<datafield tag="653" ind1=" " ind2=" ">
<subfield code="a">([18F]FDG)</subfield>
</datafield>
<datafield tag="100" ind1=" " ind2=" ">
<subfield code="a">Hadova, Katarina</subfield>
<subfield code="u">Faculty of Pharmacy, Comenius University in Bratislava, Odbojarov Street 10, Bratislava 3 832 32, Slovak Republic</subfield>
<subfield code="0">(orcid)0000-0001-7055-9561</subfield>
</datafield>
<datafield tag="700" ind1=" " ind2=" ">
<subfield code="a">Gündel, Daniel</subfield>
<subfield code="0">(orcid)0000-0001-9743-2325</subfield>
</datafield>
<datafield tag="700" ind1=" " ind2=" ">
<subfield code="a">Knieß, Torsten</subfield>
<subfield code="0">(orcid)0000-0002-4107-3455</subfield>
</datafield>
<datafield tag="700" ind1=" " ind2=" ">
<subfield code="a">Brust, Peter</subfield>
<subfield code="0">(orcid)0000-0001-5555-7058</subfield>
</datafield>
<datafield tag="700" ind1=" " ind2=" ">
<subfield code="a">Klimas, Jan</subfield>
<subfield code="u">Faculty of Pharmacy, Comenius University in Bratislava, Odbojarov Street 10, Bratislava 3 832 32, Slovak Republic</subfield>
<subfield code="0">(orcid)0000-0002-6845-2105</subfield>
</datafield>
<datafield tag="700" ind1=" " ind2=" ">
<subfield code="a">Neumann, Joachim</subfield>
<subfield code="u">Institut für Pharmakologie und Toxikologie, Medizinische Fakultät, Martin-Luther-Universität Halle-Wittenberg, Magdeburger Straße 4, Halle 06097, Germany</subfield>
<subfield code="0">(orcid)0000-0001-5018-3851</subfield>
</datafield>
<datafield tag="700" ind1=" " ind2=" ">
<subfield code="a">Gergs, Ulrich</subfield>
<subfield code="u">Institut für Pharmakologie und Toxikologie, Medizinische Fakultät, Martin-Luther-Universität Halle-Wittenberg, Magdeburger Straße 4, Halle 06097, Germany</subfield>
<subfield code="0">(orcid)0000-0001-6986-485X</subfield>
</datafield>
<controlfield tag="005">20260630100218.0</controlfield>
<datafield tag="909" ind1="C" ind2="O">
<subfield code="o">oai:rodare.hzdr.de:4744</subfield>
<subfield code="p">openaire_data</subfield>
<subfield code="p">user-rodare</subfield>
</datafield>
<datafield tag="650" ind1="1" ind2="7">
<subfield code="a">cc-by</subfield>
<subfield code="2">opendefinition.org</subfield>
</datafield>
<datafield tag="980" ind1=" " ind2=" ">
<subfield code="a">user-rodare</subfield>
</datafield>
<controlfield tag="001">4744</controlfield>
</record>
| All versions | This version | |
|---|---|---|
| Views | 20 | 20 |
| Downloads | 1 | 1 |
| Data volume | 70.7 MB | 70.7 MB |
| Unique views | 20 | 20 |
| Unique downloads | 1 | 1 |